[Event "Roberto Goyeneche in memorian"]
[Site "SchemingMind.com"]
[Date "2007.06.30"]
[Round "-"]
[White "Negrito19"]
[Black "Tahur"]
[Result "0-1"]
[WhiteCountry "ARG"]
[BlackCountry "ARG"]
[WhiteElo "1661"]
[WhiteRD "61"]
[BlackElo "1610"]
[BlackRD "59"]
[GameID "111189"]

1. e4 e5 2. Nf3 Nc6 3. Nc3 Nf6 4. d4 exd4 5. Nxd4 Bb4 6. Nxc6 bxc6 7. Bd2 O-O 8. Qf3 d5 9. O-O-O Bg4 10. Qg3 Bxd1
11. Bh6 Bg4 12. e5 gxh6 13. exf6 Qxf6 14. Qxg4+ Qg5+ 15. Qxg5+ hxg5 16. Na4 Rfe8 17. c3 Bd6 18. g4 Re4 19. b3 Rxg4 20. f3 Rh4
21. h3 Re8 22. Kc2 Re3 23. Rg1 f6 24. Bg2 Re2+ 25. Kb1 Bh2 26. Rd1 Rxg2 27. c4 dxc4 28. Rd8+ Kf7 29. Rd7+ Kg6 30. bxc4 Rxc4
31. Nb2 Rb4 32. f4 Rbxb2+ 33. Ka1 Rxa2+ 34. Kb1 Bxf4 35. Rd3 Rgb2#
0-1

[Event "Roberto Goyeneche in memorian"]
[Site "SchemingMind.com"]
[Date "2007.07.02"]
[Round "-"]
[White "Tahur"]
[Black "Negrito19"]
[Result "1-0"]
[WhiteCountry "ARG"]
[BlackCountry "ARG"]
[WhiteElo "1610"]
[WhiteRD "59"]
[BlackElo "1661"]
[BlackRD "61"]
[GameID "111190"]

1. d4 d5 2. c4 e6 3. Nf3 c5 4. cxd5 Qxd5 5. Nc3 Qc6 6. e4 a6 7. Ne5 Qd6 8. Be3 f6 9. Qh5+ g6 10. Nxg6 hxg6
11. Qxh8 Ne7 12. dxc5 Qe5 13. f4 Qh5 14. Qxh5 gxh5 15. Be2 h4 16. Bh5+ Kd7 17. Bf2 Bh6 18. Bxh4 f5 19. Rd1+ Kc6 20. Bxe7 Bxf4
21. exf5 exf5 22. Bf3+ Kc7 23. Bd8#
1-0

[Event "Roberto Goyeneche in memorian"]
[Site "SchemingMind.com"]
[Date "2007.07.01"]
[Round "-"]
[White "froldan"]
[Black "Tahur"]
[Result "0-1"]
[WhiteCountry "ARG"]
[BlackCountry "ARG"]
[WhiteElo "1592"]
[WhiteRD "90"]
[BlackElo "1895"]
[BlackRD "55"]
[GameID "111194"]

1. e4 c5 2. Nf3 d6 3. d4 cxd4 4. Nxd4 Nf6 5. Nc3 a6 6. Bd3 e5 7. Nb3 Nc6 8. Bg5 h6 9. Be3 d5 10. exd5 Nxd5
11. Qd2 Bb4 12. Rd1 Bxc3 13. bxc3 Nxe3 14. Qxe3 Qe7 15. O-O O-O 16. Rfe1 Be6 17. Qe4 f5 18. Qe3 e4 19. Bf1 b5 20. f3 Qc7
21. fxe4 fxe4 22. Qxe4 Bf5 23. Qd5+ Kh8 24. Bd3 Bg4 25. Rc1 Rad8 26. Qe4 Bf5 27. Qe3 Rf6 28. Nc5 Qc8 29. Bxf5 Rxf5 30. Qe6 Rxc5
31. Qe7 Nxe7
0-1

[Event "Roberto Goyeneche in memorian"]
[Site "SchemingMind.com"]
[Date "2007.07.02"]
[Round "-"]
[White "froldan"]
[Black "Negrito19"]
[Result "0-1"]
[WhiteCountry "ARG"]
[BlackCountry "ARG"]
[WhiteElo "1595"]
[WhiteRD "88"]
[BlackElo "1622"]
[BlackRD "61"]
[GameID "111195"]

1. e4 e5 2. Nf3 d6 3. Bb5+ c6 4. Ba4 Nf6 5. O-O d5 6. exd5 Qxd5 7. Nc3 Qc5 8. d3 Bg4 9. Be3 Qb4 10. Rb1 b5
11. a3 Bxf3 12. Qxf3 Qg4 13. Qxg4 Nxg4 14. Bb3 Bd6 15. f3 Nxe3 16. Rfe1 Bc5 17. Kh1 Nd7 18. Ne4 Bb6 19. Nd6+ Kf8 20. Nxf7 Rg8
21. Ng5 Rh8 22. Ne6+ Ke7 23. Nxg7 Rhf8 24. c3 Rad8 25. Ne6 Nc2 26. Re2 Ne3 27. Nxd8 Kxd8 28. Rbe1 Nf5 29. Be6 Nc5 30. Bxf5 Rxf5
31. Re3 Nd7 32. Re4 Bc7 33. d4 h5 34. dxe5 Nxe5 35. b3 Bd6 36. a4 Kc7 37. axb5 cxb5 38. g4 hxg4 39. fxg4 Rg5 40. h3 Nd3
41. Rf1 Nc5 42. h4 Rg7 43. Rb4 a6 44. g5 Ne6 45. Rg4 Nc5
0-1

[Event "Roberto Goyeneche in memorian"]
[Site "SchemingMind.com"]
[Date "2007.07.02"]
[Round "-"]
[White "Tahur"]
[Black "froldan"]
[Result "1-0"]
[WhiteCountry "ARG"]
[BlackCountry "ARG"]
[WhiteElo "1895"]
[WhiteRD "55"]
[BlackElo "1592"]
[BlackRD "90"]
[GameID "111196"]

1. e4 c5 2. Nf3 d6 3. d4 cxd4 4. Nxd4 Nf6 5. Nc3 Nc6 6. Bc4 e6 7. Bb5 Bd7 8. Bg5 Be7 9. O-O O-O 10. Nf3 a6
11. Bc4 b5 12. Bd3 Nb4 13. Be2 Bc6 14. a3 Nxe4 15. Bxe7 Qxe7 16. axb4 Qf6 17. Nxe4 Bxe4 18. Qxd6 Bxc2 19. Rxa6 Qxb2 20. Rxa8 Rxa8
21. Bxb5 g6 22. Qe7 Rf8 23. Re1 Qc3 24. Re3 Qa1+ 25. Re1 Qa3 26. Ng5 Qc3 27. Rxe6 Bb3 28. Re3 Qc1+ 29. Bf1 Bc4 30. Re1 Qf4
31. Re4
1-0

[Event "Roberto Goyeneche in memorian"]
[Site "SchemingMind.com"]
[Date "2007.07.02"]
[Round "-"]
[White "alejandra"]
[Black "froldan"]
[Result "0-1"]
[WhiteCountry "ARG"]
[BlackCountry "ARG"]
[WhiteElo "1161"]
[WhiteRD "78"]
[BlackElo "1592"]
[BlackRD "90"]
[GameID "111243"]

1. e4 c5 2. Nc3 Nc6 3. f4 d6 4. h3 e6 5. Nf3 Nf6 6. e5 dxe5 7. fxe5 Nd7 8. d3 Ncxe5 9. Bg5 Nxf3+ 10. Qxf3 Qxg5
11. Ne4 Qe5 12. O-O-O g6
0-1

[Event "Roberto Goyeneche in memorian"]
[Site "SchemingMind.com"]
[Date "2007.07.03"]
[Round "-"]
[White "alejandra"]
[Black "Tahur"]
[Result "0-1"]
[WhiteCountry "ARG"]
[BlackCountry "ARG"]
[WhiteElo "1218"]
[WhiteRD "80"]
[BlackElo "1832"]
[BlackRD "55"]
[GameID "111244"]

1. e4 e5 2. Nf3 Nc6 3. Bc4 h6 4. d3 Nf6 5. Be3 a6 6. a3 b5 7. Bb3 d6 8. Nc3 Bg4 9. h3 Bxf3 10. gxf3 Be7
11. Rg1 g5 12. a4 Nd4 13. h4 Nxb3 14. cxb3 gxh4 15. Nd5 Nxd5 16. exd5 Bg5
0-1

[Event "Roberto Goyeneche in memorian"]
[Site "SchemingMind.com"]
[Date "2007.07.02"]
[Round "-"]
[White "alejandra"]
[Black "Negrito19"]
[Result "0-1"]
[WhiteCountry "ARG"]
[BlackCountry "ARG"]
[WhiteElo "1218"]
[WhiteRD "80"]
[BlackElo "1648"]
[BlackRD "68"]
[GameID "111245"]

1. e4 e5 2. g3 Nf6 3. Nf3 Nxe4 4. Nxe5 Qe7 5. Nc3 Qxe5 6. Bc4 Nxc3+ 7. Be2 Nxd1 8. Kxd1 Bc5 9. d3 Bxf2 10. g4 d6
11. Rf1 Bh4 12. Bd2 Qxb2 13. Rc1 Nc6 14. g5 Nd4 15. c3 Nxe2 16. Kxe2 Bg4+
0-1

[Event "Roberto Goyeneche in memorian"]
[Site "SchemingMind.com"]
[Date "2007.07.03"]
[Round "-"]
[White "froldan"]
[Black "alejandra"]
[Result "1-0"]
[WhiteCountry "ARG"]
[BlackCountry "ARG"]
[WhiteElo "1592"]
[WhiteRD "90"]
[BlackElo "1161"]
[BlackRD "78"]
[GameID "111246"]

1. e4 e5 2. Nf3 Nc6 3. Nc3 Nf6 4. Bb5 Bc5 5. O-O d6 6. d3 h6 7. Nd5 Be6 8. d4 Bb6 9. dxe5 Nxe4 10. Nxb6 axb6
11. exd6
1-0

[Event "Roberto Goyeneche in memorian"]
[Site "SchemingMind.com"]
[Date "2007.07.03"]
[Round "-"]
[White "Tahur"]
[Black "alejandra"]
[Result "1-0"]
[WhiteCountry "ARG"]
[BlackCountry "ARG"]
[WhiteElo "1832"]
[WhiteRD "55"]
[BlackElo "1218"]
[BlackRD "80"]
[GameID "111247"]

1. e4 e5 2. Nf3 Nf6 3. Nxe5 Nxe4 4. Qe2 Nc6 5. Qxe4 Be7 6. Qf4 O-O 7. Bc4 d6 8. Nxf7 Qd7 9. O-O d5 10. Bb3 Rxf7
11. Qe3 Qd6 12. Nc3 Qg6 13. Nxd5 Bd7 14. Nxe7+ Nxe7 15. Qxe7 Kh8 16. Bxf7
1-0

[Event "Roberto Goyeneche in memorian"]
[Site "SchemingMind.com"]
[Date "2007.07.03"]
[Round "-"]
[White "Negrito19"]
[Black "alejandra"]
[Result "1-0"]
[WhiteCountry "ARG"]
[BlackCountry "ARG"]
[WhiteElo "1648"]
[WhiteRD "68"]
[BlackElo "1218"]
[BlackRD "80"]
[GameID "111248"]

1. e4 e5 2. Nf3 Nc6 3. Bc4 Nf6 4. Ng5 Bc5 5. Nxf7 Qe7 6. Nxh8 Nxe4 7. O-O d6 8. Qh5+ Kd8 9. Nf7+ Ke8 10. Nxd6+ Kd7
11. Nxe4 Kd8 12. d4 Bxd4 13. Bg5 g6 14. Bxe7+ Nxe7 15. Rd1 gxh5 16. c3 Bd7 17. cxd4
1-0

[Event "Roberto Goyeneche in memorian"]
[Site "SchemingMind.com"]
[Date "2007.07.02"]
[Round "-"]
[White "diego"]
[Black "froldan"]
[Result "0-1"]
[WhiteCountry "ARG"]
[BlackCountry "ARG"]
[WhiteElo "1339"]
[WhiteRD "97"]
[BlackElo "1599"]
[BlackRD "98"]
[GameID "111306"]

1. d4 d5 2. c4 c6 3. Nc3 Nf6 4. Nf3 Bg4 5. Qc2 e6 6. e4 Bb4 7. Be2 dxe4 8. Ne5 Bxe2 9. Qxe2 Qxd4 10. Ng4 Bxc3+
11. Bd2 Bxd2+
0-1

[Event "Roberto Goyeneche in memorian"]
[Site "SchemingMind.com"]
[Date "2007.07.02"]
[Round "-"]
[White "diego"]
[Black "Tahur"]
[Result "0-1"]
[WhiteCountry "ARG"]
[BlackCountry "ARG"]
[WhiteElo "1339"]
[WhiteRD "97"]
[BlackElo "1763"]
[BlackRD "54"]
[GameID "111307"]

1. e4 e5 2. Nf3 Nc6 3. Bb5 Nge7 4. O-O a6 5. Ba4 d6 6. d4 Ng6 7. c3 b5 8. Bc2 Bg4 9. Qd3 Bxf3 10. Qxf3 exd4
11. e5 Ngxe5 12. Re1 Be7 13. Rxe5 Nxe5 14. Qe2 dxc3 15. Nxc3 O-O 16. Qe4 f5 17. Qd5+ Kh8 18. Ne2 c6 19. Qb3 d5 20. Ng3 Qd7
21. Bf4 Bd6 22. Ne2 Rae8 23. Re1 Ng4 24. Bxd6 Qxd6 25. Qc3 Qxh2+ 26. Kf1 Qh1+ 27. Ng1 Nh2#
0-1

[Event "Roberto Goyeneche in memorian"]
[Site "SchemingMind.com"]
[Date "2007.07.02"]
[Round "-"]
[White "diego"]
[Black "Negrito19"]
[Result "0-1"]
[WhiteCountry "ARG"]
[BlackCountry "ARG"]
[WhiteElo "1362"]
[WhiteRD "86"]
[BlackElo "1634"]
[BlackRD "66"]
[GameID "111308"]

1. d4 d5 2. c4 e6 3. Nc3 Bb4 4. a3 Bxc3+ 5. bxc3 dxc4 6. e4 Nc6 7. Nf3 h6 8. Bxc4 Nf6 9. O-O Na5 10. Qa4+ Nc6
11. e5 Ne4 12. Bd2 Bd7 13. Bb5 a6 14. Bd3 Nxe5 15. Qc2 Nxd3 16. Qxd3 f5 17. c4 Qe7 18. Rab1 b5 19. cxb5 Bxb5 20. Rxb5 axb5
21. Qxb5+ Qd7 22. Qxd7+ Kxd7 23. Ne5+ Kc8 24. Bb4 Rd8 25. Nc6 Rd7 26. f3 Nf6 27. g4 Kb7 28. Rc1 Ra6 29. Na5+ Kc8 30. Nc6 fxg4
31. Ne7+ Kb7 32. Bc5 Nd5 33. Rb1+ Nb6 34. fxg4 Ra5 35. Ng6 Rd5 36. Nf4 Rg5 37. h3 e5 38. Ne6 Rg6 39. Nf8 Rf6 40. Nd7 Rf3
41. Nxe5 Rxh3 42. Nc4 Ra6 43. d5 Rg3+ 44. Kf2 Rxg4 45. Ne3 Rf4+ 46. Ke2 Kc8 47. d6 Re4 48. Kf3 Re5 49. Bxb6 Rxb6 50. Rxb6 cxb6
51. Nc4 Rb5 52. a4 Rb4
0-1

[Event "Roberto Goyeneche in memorian"]
[Site "SchemingMind.com"]
[Date "2007.07.03"]
[Round "-"]
[White "diego"]
[Black "alejandra"]
[Result "1-0"]
[WhiteCountry "ARG"]
[BlackCountry "ARG"]
[WhiteElo "1362"]
[WhiteRD "86"]
[BlackElo "1161"]
[BlackRD "78"]
[GameID "111309"]

1. d4 d5 2. c4 dxc4 3. b3 e6 4. Nf3 Nc6 5. e3 Bb4+ 6. Bd2 Bd6 7. Bxc4 b5 8. Bxb5 Bb7 9. Nc3 Qe7 10. d5 exd5
11. Nxd5 Qd8 12. Nd4 Nf6 13. Nxc6 Bxc6 14. Bxc6+
1-0

[Event "Roberto Goyeneche in memorian"]
[Site "SchemingMind.com"]
[Date "2007.07.02"]
[Round "-"]
[White "froldan"]
[Black "diego"]
[Result "1-0"]
[WhiteCountry "ARG"]
[BlackCountry "ARG"]
[WhiteElo "1638"]
[WhiteRD "90"]
[BlackElo "1379"]
[BlackRD "88"]
[GameID "111310"]

1. e4 c5 2. Nf3 Nc6 3. d4 cxd4 4. Nxd4 e5 5. Nb3 Nf6 6. Nc3 Bb4 7. Bd2 Qb6 8. Bc4 Bxc3 9. Bxc3 Nxe4 10. Qf3 Nxc3
11. Qxf7+ Kd8 12. Qxg7 Re8 13. bxc3 d6 14. Qxh7 Bd7 15. O-O Kc7 16. Be6 Rxe6 17. Rab1 Qa6 18. Nc5 dxc5 19. Rfd1 Rd8 20. h4 Re7
21. Qg6 Kb8 22. h5 Ree8 23. h6 Rg8 24. Qh5 Bg4 25. Rxd8+ Nxd8 26. Qxe5+ Ka8 27. h7 Be6 28. hxg8=Q Bxg8 29. Qe8 Qd6 30. Qxg8 b6
31. Qg4 Kb7 32. Rd1 Qe7 33. Qd7+ Qxd7 34. Rxd7+ Kc8 35. Rxa7 Nb7 36. g4 Nd6 37. g5 Kd8 38. g6
1-0

[Event "Roberto Goyeneche in memorian"]
[Site "SchemingMind.com"]
[Date "2007.07.02"]
[Round "-"]
[White "Tahur"]
[Black "diego"]
[Result "1-0"]
[WhiteCountry "ARG"]
[BlackCountry "ARG"]
[WhiteElo "1832"]
[WhiteRD "55"]
[BlackElo "1318"]
[BlackRD "98"]
[GameID "111311"]

1. e4 c5 2. Nf3 Nc6 3. Nc3 d6 4. Bc4 e6 5. O-O Nf6 6. d3 Nd4 7. Bg5 Be7 8. Nxd4 cxd4 9. Ne2 e5 10. c3 Qb6
11. cxd4 Be6 12. Bxe6 fxe6 13. Qa4+ Qc6 14. Qxc6+ bxc6 15. Rac1 c5 16. dxc5 dxc5 17. f4 Ng4 18. Bxe7 Kxe7 19. Rxc5 Kd6 20. b4 a5
21. fxe5+ Nxe5 22. d4 axb4 23. Rxe5 Rxa2 24. Nf4 Re8 25. Rb5 Rb2 26. Rb6+ Kd7 27. Nd3 Rd2 28. Ne5+ Ke7 29. Rf7+
1-0

[Event "Roberto Goyeneche in memorian"]
[Site "SchemingMind.com"]
[Date "2007.07.02"]
[Round "-"]
[White "Negrito19"]
[Black "diego"]
[Result "1-0"]
[WhiteCountry "ARG"]
[BlackCountry "ARG"]
[WhiteElo "1661"]
[WhiteRD "61"]
[BlackElo "1425"]
[BlackRD "103"]
[GameID "111312"]

1. e4 c5 2. Nf3 Nc6 3. Bc4 e6 4. d4 cxd4 5. Nxd4 Nf6 6. Bg5 Be7 7. Nxc6 dxc6 8. Qxd8+ Bxd8 9. Nc3 O-O 10. O-O-O b5
11. Be2 e5 12. f4 Ng4 13. Rxd8 Be6 14. Rxf8+ Kxf8 15. f5 Bc4 16. Bxg4
1-0

[Event "Roberto Goyeneche in memorian"]
[Site "SchemingMind.com"]
[Date "2007.07.04"]
[Round "-"]
[White "alejandra"]
[Black "diego"]
[Result "0-1"]
[WhiteCountry "ARG"]
[BlackCountry "ARG"]
[WhiteElo "1161"]
[WhiteRD "78"]
[BlackElo "1362"]
[BlackRD "86"]
[GameID "111313"]

1. e4 c5 2. f4 d5 3. exd5 Qxd5 4. Nc3 Qe6+ 5. Nge2 g6 6. d3 Bg7 7. g3 b6 8. b3 Bxc3+ 9. Bd2 Bxa1 10. Qxa1 Nf6
11. Bg2 Nc6 12. O-O Bb7
0-1

[Event "Roberto Goyeneche in memorian"]
[Site "SchemingMind.com"]
[Date "2007.07.04"]
[Round "-"]
[White "jmfera"]
[Black "diego"]
[Result "0-1"]
[WhiteCountry "ARG"]
[BlackCountry "ARG"]
[WhiteElo "1239"]
[WhiteRD "90"]
[BlackElo "1362"]
[BlackRD "86"]
[GameID "111406"]

1. e4 c5 2. Nf3 Nc6 3. Bc4 e6 4. Nc3 Nf6 5. d3 d5 6. Bb5 Bd7 7. O-O Bd6 8. Bxc6 Bxc6 9. Bg5 Qc7 10. Bxf6 gxf6
0-1

[Event "Roberto Goyeneche in memorian"]
[Site "SchemingMind.com"]
[Date "2007.07.03"]
[Round "-"]
[White "jmfera"]
[Black "Tahur"]
[Result "0-1"]
[WhiteCountry "ARG"]
[BlackCountry "ARG"]
[WhiteElo "1239"]
[WhiteRD "90"]
[BlackElo "1895"]
[BlackRD "55"]
[GameID "111408"]

1. e4 e5 2. Nf3 Nc6 3. Bc4 h6 4. Nc3 Bb4 5. Nd5 d6 6. O-O Bc5 7. h3 a6 8. d3 b5 9. Bb3 Nf6 10. Qe2 Be6
11. Be3 Bxe3 12. fxe3 Nd7 13. Qf2 Nc5 14. a4 Na5 15. Ba2 Nxa4 16. b3 Nb6 17. b4 Nc6 18. Nxb6 cxb6 19. Bd5 Qd7 20. Bxe6 Qxe6
0-1

[Event "Roberto Goyeneche in memorian"]
[Site "SchemingMind.com"]
[Date "2007.07.03"]
[Round "-"]
[White "jmfera"]
[Black "Negrito19"]
[Result "0-1"]
[WhiteCountry "ARG"]
[BlackCountry "ARG"]
[WhiteElo "1276"]
[WhiteRD "108"]
[BlackElo "1648"]
[BlackRD "68"]
[GameID "111409"]

1. e4 e5 2. Nf3 Nf6 3. Nc3 d6 4. Bc4 h6 5. d4 Bg4 6. dxe5 Bxf3 7. Qxf3 dxe5 8. Nd5 Nxd5 9. Bxd5 f6 10. Qh5+ Kd7
11. Bxb7 Nc6 12. Qf7+ Be7 13. Qd5+ Ke8 14. Bxc6+ Kf8 15. Bxa8 Qxd5
0-1

[Event "Roberto Goyeneche in memorian"]
[Site "SchemingMind.com"]
[Date "2007.07.03"]
[Round "-"]
[White "diego"]
[Black "jmfera"]
[Result "1-0"]
[WhiteCountry "ARG"]
[BlackCountry "ARG"]
[WhiteElo "1362"]
[WhiteRD "86"]
[BlackElo "1239"]
[BlackRD "90"]
[GameID "111411"]

1. e4 c5 2. Nf3 d6 3. Nc3 Nf6 4. Bb5+ Bd7 5. Qe2 Nc6 6. d3 Qa5 7. Bd2 Nb4 8. Bxd7+ Nxd7 9. O-O Nxc2 10. Nd5 Qd8
11. Rac1
1-0

[Event "Roberto Goyeneche in memorian"]
[Site "SchemingMind.com"]
[Date "2007.07.03"]
[Round "-"]
[White "froldan"]
[Black "jmfera"]
[Result "1-0"]
[WhiteCountry "ARG"]
[BlackCountry "ARG"]
[WhiteElo "1592"]
[WhiteRD "90"]
[BlackElo "1239"]
[BlackRD "90"]
[GameID "111412"]

1. e4 c5 2. Nf3 d6 3. d4 a6 4. dxc5 Qa5+ 5. Nc3 Qxc5 6. Be3 Qa5 7. Bc4 Nf6 8. Ng5 e6 9. O-O Qb4 10. Bb3 Nbd7
11. a3 Qa5 12. Bd2
1-0

[Event "Roberto Goyeneche in memorian"]
[Site "SchemingMind.com"]
[Date "2007.07.03"]
[Round "-"]
[White "Negrito19"]
[Black "jmfera"]
[Result "1-0"]
[WhiteCountry "ARG"]
[BlackCountry "ARG"]
[WhiteElo "1648"]
[WhiteRD "68"]
[BlackElo "1276"]
[BlackRD "108"]
[GameID "111414"]

1. e4 c5 2. Bc4 d6 3. Nf3 Nf6 4. Nc3 a6 5. h3 Nc6 6. d3 Qa5 7. Bd2 e6 8. Nd5 Qd8 9. Nxf6+ Qxf6 10. Bc3 Qg6
11. g4 h5 12. Nh4 Qg5 13. Ng2 hxg4 14. Bd2 Qh5 15. Nf4 Qe5 16. c3
1-0

[Event "Roberto Goyeneche in memorian"]
[Site "SchemingMind.com"]
[Date "2007.07.07"]
[Round "-"]
[White "palaciorep"]
[Black "diego"]
[Result "1-0"]
[WhiteCountry "ARG"]
[BlackCountry "ARG"]
[WhiteElo "1633"]
[WhiteRD "74"]
[BlackElo "1379"]
[BlackRD "88"]
[GameID "111439"]

1. e4 e5 2. Nf3 Nc6 3. Bb5 Bc5 4. Bxc6 bxc6 5. Nxe5 Qf6 6. Nf3 Ba6 7. d3 Nh6 8. Bxh6 Qxb2 9. Bxg7 Qxg7 10. Nbd2 Qxg2
11. Rf1 O-O-O 12. c4 d5 13. Qa4 Bb7 14. Ne5 Rd6 15. Nxf7 Rf8 16. Nxd6+ cxd6 17. cxd5 Bxf2+ 18. Kd1 Qg4+ 19. Kc2 Qe2 20. dxc6 Rf7
21. cxb7+ Kxb7 22. Rab1+ Bb6 23. Rxf7+
1-0

[Event "Roberto Goyeneche in memorian"]
[Site "SchemingMind.com"]
[Date "2007.07.07"]
[Round "-"]
[White "palaciorep"]
[Black "froldan"]
[Result "1-0"]
[WhiteCountry "ARG"]
[BlackCountry "ARG"]
[WhiteElo "1635"]
[WhiteRD "72"]
[BlackElo "1595"]
[BlackRD "88"]
[GameID "111440"]

1. e4 c5 2. Bc4 e6 3. e5 Nc6 4. Nf3 d6 5. exd6 Bxd6 6. d3 Nf6 7. Bg5 O-O 8. Nc3 h6 9. Bxf6 Qxf6 10. a3 Ne5
11. Nxe5 Bxe5 12. Qd2 b6 13. Ne4 Qh4 14. g3 Qh3 15. O-O-O Bb7 16. f4 Bf6 17. Nxf6+ gxf6 18. Qc3 Bxh1 19. Rxh1 Qg2 20. Rd1 Qxh2
21. Qxf6 Qh5 22. Bb5 Qg6 23. Qh4 Rad8 24. Rh1 Kg7 25. Bc6 Rh8 26. Be4 f5 27. Bf3
1-0

[Event "Roberto Goyeneche in memorian"]
[Site "SchemingMind.com"]
[Date "2007.07.07"]
[Round "-"]
[White "palaciorep"]
[Black "Tahur"]
[Result "0-1"]
[WhiteCountry "ARG"]
[BlackCountry "ARG"]
[WhiteElo "1633"]
[WhiteRD "74"]
[BlackElo "1898"]
[BlackRD "54"]
[GameID "111441"]

1. e4 e5 2. Nf3 Nc6 3. Bb5 a6 4. Bxc6 dxc6 5. h3 Bc5 6. O-O Qd6 7. Nc3 Be6 8. d3 O-O-O 9. Ne2 f6 10. Be3 Bxe3
11. fxe3 Ne7 12. a3 h5 13. d4 Rh6 14. c3 Rg6 15. Nh4 Rg5 16. Kh1 b6 17. Qc2 Bc4 18. Rfd1 Qe6 19. dxe5 Rxd1+ 20. Rxd1 Bb3
21. Nf4 Bxc2 22. Nxe6 Bxd1 23. exf6 gxf6 24. Nxg5 fxg5 25. Nf5 Kd7 26. Kh2 Bc2 27. Ng3 h4 28. Nh5 Ke6 29. g3 Ke5 30. gxh4 gxh4
31. Kg1 Kxe4 32. Kf2 Nd5 33. Ng7 Nxe3 34. Ne8 Nc4 35. Nxc7 Nxb2 36. Nxa6 Ba4 37. Nc7 Nd1+ 38. Kg2 Nxc3 39. Na8 b5 40. Nc7 Nb1
0-1

[Event "Roberto Goyeneche in memorian"]
[Site "SchemingMind.com"]
[Date "2007.07.07"]
[Round "-"]
[White "palaciorep"]
[Black "Negrito19"]
[Result "1-0"]
[WhiteCountry "ARG"]
[BlackCountry "ARG"]
[WhiteElo "1633"]
[WhiteRD "74"]
[BlackElo "1655"]
[BlackRD "64"]
[GameID "111442"]

1. e4 e5 2. Nf3 Nc6 3. Bb5 Bc5 4. Bxc6 dxc6 5. h3 Nf6 6. Nc3 h6 7. d3 b6 8. O-O Qd6 9. Be3 Bxe3 10. fxe3 Ba6
11. Rf2 O-O-O 12. Rd2 c5 13. d4 exd4 14. exd4 Qf4 15. dxc5 Nxe4 16. Nxe4 Qxe4 17. Rxd8+ Rxd8 18. Qe1 Be2 19. Qc3 Bxf3 20. cxb6 axb6
21. Qxf3 Qxc2 22. Qxf7 Qxb2 23. Re1 Qd4+ 24. Kh1 Rd7 25. Qf3 Qd5 26. Qa3 Qa5 27. Re8+ Kb7 28. Qf3+ Rd5 29. Qg4 Rf5 30. Qe4+ Qd5
31. Qc2 Rf1+ 32. Kh2 Qd6+ 33. g3 Qc6 34. Rb8+ Kxb8 35. Qxc6 Rf2+ 36. Kg1 Rxa2 37. Qc3 b5 38. Qxg7 b4 39. Qg8+ Kb7 40. Qxa2 c5
41. Qc4
1-0

[Event "Roberto Goyeneche in memorian"]
[Site "SchemingMind.com"]
[Date "2007.07.07"]
[Round "-"]
[White "palaciorep"]
[Black "jmfera"]
[Result "1-0"]
[WhiteCountry "ARG"]
[BlackCountry "ARG"]
[WhiteElo "1643"]
[WhiteRD "80"]
[BlackElo "1239"]
[BlackRD "90"]
[GameID "111444"]

1. e4 c5 2. Bc4 d6 3. Nc3 Nf6 4. Qf3 Bg4 5. Qg3 Qc7 6. h3 Bh5 7. Nd5 Nxd5 8. Bxd5 Nd7 9. Nf3 e6 10. Bc4 Bxf3
11. Qxf3
1-0

[Event "Roberto Goyeneche in memorian"]
[Site "SchemingMind.com"]
[Date "2007.07.07"]
[Round "-"]
[White "diego"]
[Black "palaciorep"]
[Result "0-1"]
[WhiteCountry "ARG"]
[BlackCountry "ARG"]
[WhiteElo "1371"]
[WhiteRD "92"]
[BlackElo "1634"]
[BlackRD "74"]
[GameID "111445"]

1. e4 e5 2. Nf3 Nc6 3. Bb5 Nge7 4. O-O a6 5. Ba4 Ng6 6. c3 b5 7. Bb3 h6 8. d4 Be7 9. Be3 Bb7 10. Nbd2 d6
11. a4 O-O 12. d5 Nb8 13. a5 Nd7 14. g3 h5 15. c4 bxc4 16. Nxc4 h4 17. Kg2 Nc5 18. Qd2 Nxb3 19. Qb4 Nxa1 20. Rxa1 Bc8
21. Qc3 h3+ 22. Kf1 f5 23. Nfd2 f4 24. gxf4 exf4 25. Bd4 Bf6 26. Re1 Qe7 27. Nf3 Bg4 28. Ke2 Bxd4 29. Qxd4 Ne5 30. Nd2 Nxf3
31. Nxf3 Rab8 32. b4 Rb5 33. Rg1 Qh4 34. Qc3 Qh5 35. Kd2 Rf7 36. Nd4 Rb8 37. Ne6 Bxe6 38. dxe6 Re7 39. Qf6 Rbe8 40. Rg5 Qf3
41. Qd4 Rf8 42. Kc1 Qh1+ 43. Qd1 Qxd1+ 44. Kxd1 Rxe6 45. b5 Rxe4 46. bxa6 Ra8 47. f3 Ra4
0-1

[Event "Roberto Goyeneche in memorian"]
[Site "SchemingMind.com"]
[Date "2007.07.07"]
[Round "-"]
[White "froldan"]
[Black "palaciorep"]
[Result "1-0"]
[WhiteCountry "ARG"]
[BlackCountry "ARG"]
[WhiteElo "1653"]
[WhiteRD "90"]
[BlackElo "1632"]
[BlackRD "79"]
[GameID "111446"]

1. e4 e5 2. Nf3 Nc6 3. Bb5 Nge7 4. O-O a6 5. Ba4 Ng6 6. Bxc6 dxc6 7. Nc3 Bg4 8. d3 Bd6 9. h3 Bxf3 10. Qxf3 O-O
11. Be3 b5 12. Rad1 a5 13. d4 b4 14. Ne2 Qe7 15. Ng3 f6 16. Nf5 Qf7 17. h4 Ne7 18. Nxd6 cxd6 19. h5 f5 20. exf5 Nxf5
21. dxe5 dxe5 22. Qxc6 Rac8 23. Qb5 Qxh5 24. Qxe5 a4 25. Rd7 Rce8 26. Qd5+ Kh8 27. Bc5 Rg8 28. Bxb4 Qg6 29. g3 h5 30. Bd6 h4
31. Bf4 hxg3 32. Qh1+ Nh6 33. Bxh6 gxh6 34. Qf3 Qe6 35. Qc3+ Qe5 36. Qxe5+ Rxe5 37. fxg3 Rxg3+ 38. Kh2 Rg7 39. Rxg7 Kxg7 40. Rf2 Re4
41. b3 Kg6 42. c3 axb3 43. axb3 h5 44. b4 Rc4 45. Rf3 Kg5 46. Kh3 Rh4+ 47. Kg3 Rg4+ 48. Kf2 h4 49. Rd3 Kf5 50. Rd4 Rxd4
51. cxd4 Ke4 52. b5 Kd5 53. Kg2 Kd6 54. Kh3 Kc7 55. Kxh4 Kb6 56. Kg4 Kxb5 57. Kf4 Kc6 58. Ke5 Kd7 59. d5 Ke7 60. d6+ Kd7
61. Kd5 Kd8 62. Ke6 Ke8 63. Kd5 Kd7 64. Kc5 Kc8 65. Kc6 Kd8 66. d7 Ke7 67. Kc7
1-0

[Event "Roberto Goyeneche in memorian"]
[Site "SchemingMind.com"]
[Date "2007.07.07"]
[Round "-"]
[White "Tahur"]
[Black "palaciorep"]
[Result "1-0"]
[WhiteCountry "ARG"]
[BlackCountry "ARG"]
[WhiteElo "1898"]
[WhiteRD "54"]
[BlackElo "1633"]
[BlackRD "74"]
[GameID "111447"]

1. e4 e5 2. Nf3 Nc6 3. Bb5 Nge7 4. O-O Ng6 5. d4 exd4 6. Nxd4 Nxd4 7. Qxd4 c6 8. Bc4 b5 9. Bb3 Qe7 10. Nc3 Bb7
11. Qe3 Ne5 12. a3 Nc4 13. Bxc4 bxc4 14. Qd4 Qe6 15. Rd1 c5 16. Qd2 Be7 17. f3 Bc6 18. Nd5 Bd8 19. Qe2 Bxd5 20. Rxd5 Bb6
21. Qxc4 d6 22. Bf4 Rd8 23. Qb5+ Ke7 24. Rad1 Bc7 25. Qb7 Rd7 26. Qxa7 Rhd8 27. b4 cxb4 28. axb4 Ke8 29. c4 Bb8 30. Qa6 Ra7
31. Qb6 Rad7 32. Qc6 Qf6 33. Bg5 Qc3 34. Bxd8 Kxd8 35. Rb5 Ba7+ 36. c5 Qe3+ 37. Kf1 Ke7 38. Rb7 Qb3 39. Qxd7+ Kf6 40. Rxd6+ Kg5
41. Qg4#
1-0